Statistics for Ranker's 100 Sexiest Anime Females

Click here to take the quiz!

General Stats

  • This quiz has been taken 780 times
  • The average score is 23 of 100

Answer Stats

NameSeries% Correct
Sakura HarunoNaruto
78%
Hinata HyugaNaruto
75%
Mikasa AckermanAttack On Titan
72%
Asuna YuukiSword Art Online
69%
LucyHomegrown
69%
Lucy HeartfiliaFairy Tail
69%
NamiOne Piece
66%
AkameAkame Ga Kill
62%
Erza ScarletFairy Tail
59%
Rias GremoryHigh School DxD
53%
Tsunade SenjuNaruto
50%
Bulma BriefsDragon Ball Z
49%
Ino YamanakaNaruto
47%
Misa AmaneDeath Note
47%
MistyPokemon
43%
RemRe: Zero
43%
Akeno HimejimaHigh School DxD
39%
Elizabeth LionesThe Seven Deadly Sins
39%
Sasha BlouseAttack On Titan
37%
AlbedoOverlord
36%
Nico RobinOne Piece
36%
Android 18Dragon Ball Z
34%
Boa HancockOne Piece
34%
C.CCode Geass
33%
EsdeathAkame Ga Kill
33%
Yuno GasaiFuture Diary
32%
Asuka Langley SoryuNeon Genesis Evangelion
31%
Hatsune MikuVocaloid
31%
Mirajane StraussFairy Tail
31%
Haruhi SuzumiyaThe Disappearance of Haruhi Suzumiya
30%
Rukia KuchikiBleach
30%
Juvia LockserFairy Tail
29%
DianeThe Seven Deadly Sins
28%
Touka KirishimaTokyo Ghoul
28%
Winry RockbellFull Metal Alchemist
28%
Orihime InoueBleach
27%
TemariNaruto
26%
Wendy MarvellFairy Tail
26%
DawnPokemon: Diamond and Pearl
25%
SaberFate/Zero
25%
MayPokemon: Advanced Generation
24%
Cana AlberonaFairy Tail
23%
SerenaPokemon: XY
23%
Asada Shino/SinonSword Art Online
22%
Rei MiyamotoHighschool Of The Dead
22%
Faye ValentineCowboy Bebop
20%
Kallen StadtfeldCode Geass
20%
Ryuko MatoiKill La Kill
20%
Irina JelavicAssassination Classroom
18%
Levy McGardenFairy Tail
18%
Rin TohsakaTYPE MOON
18%
Yoruichi ShihouinBleach
18%
LeoneAkame Ga Kill
17%
Yui YuigahamaMy Youth Romantic Comedy Is Wrong
17%
Yukino AgriaFairy Tail
17%
HoloSpice & Wolf
16%
Rangiku MatsumutoBleach
16%
Mai ValentineYu-Gi-Oh
15%
Yoko RitonaGurren Lagann
15%
Mavis VermillionFairy Tail
14%
RevyBlack Lagoon
14%
BishamonNoragami
13%
Kagome HigurashiInu Yasha
13%
Kurenai YuhiNaruto
13%
Riza HawkeyeFull Metal Alchemist
13%
Suguha Kirigaya/LeafaSword Art Online
13%
ChelseaAkame Ga Kill
12%
ShiroDeadman Wonderland
12%
Yang Xiao LongRWBY
12%
Hitagi SenjougaharaBakemonogatari
11%
Kagura MikazuchiFairy Tail
10%
Lala Satalin DevilukeTo Love-Ru
10%
Ultear MilkovichFairy Tail
10%
AquariusFairy Tail
9%
Saeko BusujimaHighschool Of The Dead
9%
Alexis RhodesYu-Gi-Oh GX
8%
Lisana StraussFairy Tail
8%
Moka AkashiyaRosario + Vampire
8%
Shinoa HīragiSeraph Of The End
8%
AriesFairy Tail
7%
Bisca ConnellFairy Tail
7%
Seras VictoriaHellsing Ultimate
7%
Saya TakagiHighschool Of The Dead
6%
Aki NijouMaken-Ki
5%
Charlotte DunoisInfinite Stratos
5%
MeredyFairy Tail
5%
SangoInu Yasha
4%
Sena KashiwakaziHaganai
4%
Mizore ShirayukiRosario + Vampire
3%
Neliel Tu OderschwankBleach
3%
Nozomi KaminashiKeijo!!!!
3%
RaynareHigh School DxD
3%
IkarosHeaven's Lost Property
2%
MilliannaFairy Tail
2%
Pyrrha NikosRWBY
2%
Sherria BlendyFairy Tail
2%
La Folia RihaveinStrike The Blood
1%
SeraphimIs This A Zombie?
1%
Arashi NikaidōOniAi
0%
Lilith AsamiTrinity Seven
0%

Score Distribution

Percentile by Number Answered

Percent of People with Each Score

Your Score History

You have not taken this quiz